| 000 | 02618nam a2200325 a 4500 | ||
|---|---|---|---|
| 003 | CHAP | ||
| 005 | 20251003173048.0 | ||
| 007 | ta | ||
| 008 | 251003s2015 -usd|||frm||| 001 0 spa d | ||
| 020 | _a978-1-118-99691-1 | ||
| 040 |
_amxchpua _cCHAP _erda |
||
| 041 |
_aeng _beng _feng _heng |
||
| 050 | 1 | 0 |
_aTP155.7 _b.S26 2015 |
| 082 | 0 | 0 |
_220 _a660.284 _bS26 2015 |
| 100 | 0 |
_aSandler, Stanley I. _9102052 |
|
| 245 | 1 | 0 |
_aUsing Aspen Plus in thermodynamics Instruction : _ba step-by-step guide _cStanley I. Sandler |
| 250 | _a1a edición | ||
| 264 |
_aHoboken, NJ, USA : _bJohn Wiley & Sons, _c2015 |
||
| 300 |
_axi, 343 páginas : _bilustraciones, gráficas, tablas |
||
| 336 |
_2rdacontent _atexto _btxt |
||
| 337 |
_2rdamedia _asin medio _bn |
||
| 338 |
_2rdacarrier _avolumen _bnc |
||
| 505 | _a1. Getting Started with Aspen Plus® -- 2. Two Simple Simulations -- 3. Pure Component Property Analysis -- 4. The NIST ThermoData Engine (TDE) -- 5. Vapor–Liquid Equilibrium Calculations Using Activity Coefficient Models -- 6. Vapor–Liquid Equilibrium Calculations Using an Equation of State -- 7. Regression of Liquid–Liquid Equilibrium (LLE) Data and Vapor–Liquid–Liquid Equilibrium (VLLE) and Predictions -- 8. The Property Methods Assistant and Property Estimation -- 9. Chemical Reaction Equilibrium in Aspen Plus® -- 10. Shortcut Distillation Calculations -- 11. A Rigorous Distillation Calculation: RadFrac -- 12. Liquid–Liquid Extraction -- 13. Sensitivity Analysis: A Tool for Repetitive Calculations -- 14. Electrolyte Solutions -- Index | ||
| 520 | 3 | _aA step-by-step guide for students (and faculty) on the use of Aspen in teaching thermodynamics: Easily-accessible modern computational techniques opening up new vistas in teaching thermodynamics A range of applications of Aspen Plus in the prediction and calculation of thermodynamic properties and phase behavior using the state-of-the art methods Encourages students to develop engineering insight by doing repetitive calculations with changes in parameters and/or models Calculations and application examples in a step-by-step manner designed for out-of-classroom self-study Makes it possible to easily integrate Aspen Plus into thermodynamics courses without using in-class time Stresses the application of thermodynamics to real problems | |
| 650 | 1 | 3 |
_aTermodinámica _xProcesamiento de datos _2atg _9151322 |
| 650 | 1 | 3 |
_aAspen Plus _xProgramas de computadores _2atg _9191340 |
| 650 | 1 | 3 |
_aThermodynamics _xData processing _2atg _9151323 |
| 650 | 1 | 3 |
_aAspen Plus _xComputer software _2atg _9191341 |
| 942 |
_2ddc _cLIBRO |
||
| 999 |
_c233079 _d233079 |
||